Sports Quiz

Random Sports or Soccer Quiz

World Cup Champions' Captains (Slideshow) Quiz Stats

 Plays Quiz not verified by Sporcle

Score 0/20 Timer 15:00
0 Plays Today
% Correct
A - Correct, it's Philipp Lahm!
88.4%
D - Correct, it's Franz Beckenbauer!
78.3%
B - Correct, it's Cafu!
75.1%
A - Correct, it's Fabio Cannavaro!
73.8%
C - Correct, it's Diego Maradona!
73.8%
B - Correct, it's Iker Casillas!
70.4%
D - Correct, it's Dunga!
68.1%
B - Correct, it's Lothar Matthäus!
67.2%
C - Correct, it's Dino Zoff!
66.6%
C - Correct, it's Didier Deschamps!
62.7%
% Correct
A - Correct, it's Bobby Moore!
62.2%
B - Correct, it's Daniel Passarella!
46.2%
C - Correct, it's Fritz Walter!
39.5%
B - Correct, it's Giuseppe Meazza!
39.4%
A - Correct, it's Obdulio Varela!
35.7%
A - Correct, it's Carlos Alberto!
35.5%
C - Correct, it's José Nasazzi!
28%
B - Correct, it's Hilderaldo Bellini!
23.9%
D - Correct, it's Mauro Ramos!
20%
B - Correct, it's Gianpiero Combi!
15.8%

You're not logged in!

Compare scores with friends on all Sporcle quizzes.
OR
Log In

You Might Also Like...

Show Comments

Extras

Top Quizzes Today


Score Distribution

Your Account Isn't Verified!

In order to create a playlist on Sporcle, you need to verify the email address you used during registration. Go to your Sporcle Settings to finish the process.

Report this User

Report this user for behavior that violates our Community Guidelines.

Details: